Statistics for dragon ball super hard quiz

Click here to take the quiz!

General Stats

  • This quiz has been taken 144 times
    (141 since last reset)
  • The average score is 15 of 23

Answer Stats

HintAnswer% Correct
goku's farthers namebardock
86%
how many forms maji buu has7
82%
which universe is the weakest9
80%
the strongest android17
79%
who makes senzu beanskorin
79%
hit's main special abilitytime skip
74%
how many universes there were originaly18
73%
what did goku use to fly before he knew how to flyflying nimbus
73%
the move which triggered ultra instinctspirit bomb
70%
gokus mothers namegine
69%
broly's fathers nameparagus
67%
a techinque used by goku vs hitkaioken
65%
the newest god of destructiontoppo
65%
inventor of the fruit of the tree of mightturles
61%
the strongest in all of dragon ballgrand priest
56%
vegeta's brothers nametarble
56%
who did goku face in babidis ship stage 1pui pui
54%
who did goku face in babidis shipe stage 3dabura
53%
the original name for ssbssgss
53%
who is the strongers of the trio of dangerbergamo
50%
who did goku face in babidis ship stage 2yakon
48%
who is the first ssgyamoshi
40%
who created the super dragon ballszalama
40%

Score Distribution

Percentile by Number Answered

Percent of People with Each Score

Your Score History

You have not taken this quiz since the last reset